Every 100,000+ City in Zimbabwe in Order - Statistics

General Stats
  • This quiz has been taken 16 times
    4 since last reset
  • The average score is 10 of 19
Answer Stats
Letter Population City % Correct
H 2,710,296 Harare
100%
B 726,239 Bulawayo
67%
C 140,551 Chinhoyi
67%
C 557,010 Chitungwiza
67%
E 326,418 Epworth
67%
G 273,091 Gweru
67%
K 161,268 Kadoma
67%
K 178,212 Kwekwe
67%
M 166,090 Masvingo
67%
M 503,137 Mutare
67%
N 137,401 Norton
67%
B 110,441 Beitbridge
33%
B 104,962 Bindura
33%
C 103,534 Chegutu
33%
D 132,090 Dangamvura
33%
D 229,484 Domboshawa
33%
M 110,500 Marondera
33%
R 146,029 Ruwa
33%
Z 102,124 Zvishavane
33%
No matching quizzes found
Score Distribution
Percent of People with Each Score
Percentile by Number Answered
Your Score History
You have not taken this quiz since the last reset